LEADER 01424nam a2200301 a 4500 001 000000153689 003 CaOOAMICUS 005 20160908134340.0 008 160908s2000 it u000 u ita r 020 $a88-348-0374-4* 032 $aLibriCat 040 $aPUL$bita 041 0 $aita$aeng$afre 110 2 $aCentro Internazionale di ricerche e studi sociologici penali e penitenziari.$0(OLS)http://pul/name/23916 245 12$aI diritti dell'uomo alle soglie del terzo millennio: universalitą e dialogo interculturale : $bMessina, 20-22 novembre 1998 /$ca cura di Claudio Zanghģ. 260 $aTorino :$bGiappichelli,$c2000. 300 $a580 p. ;$c24 cm. 546 $aSaggi in italiano, francese e inglese, con riassunto, resumé e abstract. 650 4$aDiritti umani.$0(OLS)http://pul/subject/3219 700 1 $aZanghģ, Claudio.$0(OLS)http://pul/name/23917 850 $aPUL 852 $aPUL$W1$xDP1 Fondo G. Barberini$y122$m4 A 46$j115720$qFondi$B179617$CPULBib$Z2$F179617 $HBar294 $81 941 1 $a1 960 $aDiritti dell'uomo$93219 996 $6020$a88-348-0374-4*$9(OLS)http://pul/number/160978 996 $6245$aI diritti dell'uomo alle soglie del terzo millennio: universalitą e dialogo interculturale : $bMessina, 20-22 novembre 1998$9(OLS)http://pul/title/193178 996 $6260$aTorino :$bGiappichelli$9(OLS)http://pul/publisher/48244 LEADER 01655nam a2200361 a 4500 001 000000138148 003 CaOOAMICUS 005 20140411112808.0 008 140411s2013 it u000 u ita r 020 $a978-88-6689-372-1 040 $aPUL$bita 082 $a348.45 110 1 $aItalia.$0(OLS)http://pul/name/1188 240 10$aCodice di procedura civile (2013).$0(OLS)http://pul/title/171076 245 10$aCodice di procedura civile:$bcommentato con la giurisprudenza /$ca cura di Francesco Bartolini, Pietro Savarro. 250 $a34. ed. 260 $aPiacenza :$bLa Tribuna,$c©2013. 300 $a2486 p. ;$c21 cm 490 1 $aI codici commentati con la giurisprudenza 500 $aTesto su due colonne. 500 $aSulla cop.: con le modifiche della Legge "Del fare" n. 98/2013 al Codice di Procedura Civile. 650 4$aProcedura civile$zItalia.$0(OLS)http://pul/subject/14566 700 1 $aSavarro, Pietro.$0(OLS)http://pul/name/70838 700 1 $aBartolini, Francesco,$d1942-$0(OLS)http://pul/name/35926 830 2$aI codici commentati con la giurisprudenza.$0(OLS)http://pul/title/135813 850 $aPUL 852 $aPUL$W1$xDP2 Diritto e Scienze Sociali 3$y110$m348. 45 COD 3.2.39$j159264$qDDC 21$B158814$CPULBib$Z2$F158814 $H123797 $82 941 1 $a9 996 $6020$a978-88-6689-372-1$9(OLS)http://pul/number/155093 996 $6082$a348.45$9(OLS)http://pul/classification/373 996 $6245$aCodice di procedura civile:$bcommentato con la giurisprudenza$9(OLS)http://pul/title/144135 996 $6260$aPiacenza :$bLa Tribuna$9(OLS)http://pul/publisher/69734